00235nam a2200073Ia 4500008004100000082000800041100002100049245009100070240331s9999 xx 000 0 und d bTHI aThiruchandran, S 4aThe other victims of war :bemergence of female headed households in eastern Sri Lanka